000 00457nam a2200181Ia 4500
001 973
005 20260306140557.0
008 260306t2008||||xx |||||||||||||| ||spa||
041 _aESP
082 _a174.957
_bZ17
100 _aZaffaroni, Giuseppe
_eAUT
245 0 _aEtica de la realización humana:
_buna figura de ética Zubiriana
260 _c2008
300 _a458 páginas :
_c28 cm.
650 _aGEN
654 _aCHU
942 _cLIB
_dJUS
_fJUS
_2ddc
_n
999 _c973
_d973